00894nam a2200145Ia 4500008004100000020001800041100010000059245015600159260002700315650021800342650004100560856004000601999001900641952008800660171212s9999 xx 000 0 und d a9780833042118 aMoroney, Jennifer D. P.;Blacker, Nancy E.;Buhr, Renee;McFadden, James;Thurston, Cathryn Quantic cMoroney, Jennifer D. P.;Blacker, Nancy E.;Buhr, Renee;McFadden, James;Thurston, Cathryn QuanticaBuilding Partner Capabilities for Coalition Operations bRAND Corporationc2007 aCombined operations (Military science); United States. Army -- Organization; Multinational armed forces -- Organization; United States -- Military relations -- Foreign countries; Military planning -- United States aManagement & Organizational Behavior uwww.jstor.org/stable/10.7249/mg635a c351817d351817 001040aCLbCLd2017-12-12l0oU260.B85 2007r2017-12-12 00:00:00w2017-12-12yCBE